Statystyki dla ZWYCIĘZCY ZŁOTEGO BUTA 2!

Kliknij tutaj aby rozwiązać quiz!

Ogólne statystyki

  • Ten quiz został rozwiązany 23 razy
  • Średni wynik to 8 z 31

Statystyki odpowiedzi

rokCountryOdpowiedź% Poprawnych
1967/68PortugaliaEusebio
91%
1972/73PortugaliaEusebio
91%
1969/70NiemcyMuller
70%
1971/72NiemcyMuller
70%
1983/84WaliaRush
65%
1985/86HolandiaVan Basten
57%
1989/90BułgariaStoiczkow
52%
1989/90MeksykSanchez
43%
1986/87AustriaPolster
17%
1981/82HolandiaKieft
13%
1977/78AustriaKrankl
13%
1970/71JugosławiaSkoblar
13%
1994/95ArmeniaAwetisjan
9%
1986/87RumuniaCamataru
9%
1987/88TurcjaColak
9%
1995/96GruzjaEndeladze
9%
1974/75RumuniaGeorgescu
9%
1976/77RumuniaGeorgescu
9%
1984/85PortugaliaGomes
9%
1982/83PortugaliaGomes
9%
1975/76CyprKaiafas
9%
1978/79HolandiaKist
9%
1988/89RumuniaMateut
9%
1991/92SzkocjaMcCoist
9%
1992/93SzkocjaMcCoist
9%
1990/91JugosławiaPanczew
9%
1980/81BułgariaSławkow
9%
1993/94WaliaTaylor
9%
1979/80BelgiaVandenBergh
9%
1973/74ArgentynaYazalde
9%
1968/69BułgariaŻekow
9%

Rozkład punktacji

Percentyl według liczby udzielonych odpowiedzi

Procent ludzi z każdym wynikiem

Twoja historia wyników

Nie rozwiązałeś tego quizu